Bridge. Architecture + design

Salvato in:
Dettagli Bibliografici
Autore principale: Uffelen, Christian van (Autore)
Natura: Libro
Lingua:inglese
tedesco
francese
Pubblicazione: Braun, 2010
Soggetti:
Tags: Aggiungi Tag
Nessun Tag, puoi essere il primo ad aggiungerne!!

MARC

LEADER 00000nam a22000003a 4500
001 stu204223
005 20150617230054.0
008 100524s2010----sz------------------eng-d
020 |a 978-3-03768-025-4 
040 |a STU  |b slo 
041 0 |a eng  |a ger  |a fre 
044 |a sz 
100 1 |a Uffelen, Christian van  |4 aut 
245 1 |a Bridge. Architecture + design 
260 |b Braun,  |c 2010 
300 |a 124 s 
650 7 |a mosty  |2 stusub 
650 7 |a bridge  |2 estusub 
650 7 |a bezbariérové byty  |2 stusub 
996 |b 284AU04486  |c A*6992 U  |l AAKNST  |s P  |a 0  |w stu204223_0001